| 000 | 00812nmm a2200217 a 4500 | ||
|---|---|---|---|
| 003 | AR-BaBNM | ||
| 005 | 20251128204001.0 | ||
| 008 | 027019s1957 ||||||||||||||000 | spa|| | ||
| 040 | _cAR-BaBNM | ||
| 110 | 2 | _aConsejo Nacional de Educación [Argentina] | |
| 245 | 1 | 0 |
_aSímbolos nacionales _bcaracterísticas y tratamiento en las escuelas |
| 260 |
_aBuenos Aires _bConsejo Nacional de Educación _c1957 |
||
| 300 | 0 |
_a16 p. _bláms. |
|
| 500 | 0 | _aContiene el reglamento relativo al uso y tratamiento de los símbolos nacionales promulgado el 23 de enero de 1957 bajo la presidencia de Luis Norberto Magnanini en el Consejo Nacional de Educación | |
| 650 | 4 | _aSIMBOLOS | |
| 650 | 4 | _aHIMNO NACIONAL ARGENTINO | |
| 650 | 4 | _aESCUDO NACIONAL ARGENTINO | |
| 651 | 4 | _aArgentina | |
| 942 | _cBK | ||
| 998 | _cSILVI | ||
| 999 |
_c5712 _d5712 |
||